[Event "St Louis Summer B"]
[Site "Saint Louis USA"]
[Date "2018.05.19"]
[Round "5.3"]
[White "Belous, Vladimir"]
[Black "Dragun, Kamil"]
[Result "1/2-1/2"]
[WhiteTitle "GM"]
[BlackTitle "GM"]
[WhiteElo "2585"]
[BlackElo "2591"]
[WhiteFideId "4174003"]
[BlackFideId "1134167"]
[EventDate "2018.05.15"]

1. e4 e5 2. Nf3 Nc6 3. Nc3 Nf6 4. Bb5 Bb4 5. d3 Bxc3+ 6. bxc3 d6 7. O-O O-O 8.
Bxc6 bxc6 9. Bg5 h6 10. Bh4 Bg4 11. h3 Bxf3 12. Qxf3 g5 13. Bg3 Qe7 14. Rab1
Rab8 15. h4 Rb6 16. hxg5 hxg5 17. Qf5 Nh5 18. d4 Ng7 19. Qg4 f6 20. Rb3 Qe6 21.
Qe2 Kf7 22. Ra3 Ra8 23. c4 Kg6 24. c5 Rb4 25. c3 Qc4 26. Qg4 Rb2 27. cxd6 cxd6
28. Qd7 Rh8 29. Rc1 a6 30. Qxd6 Rd2 31. Bxe5 Ne6 32. Qe7 fxe5 33. dxe5 Rf8 34.
Ra4 Rfxf2 35. Rxc4 Rxg2+ 36. Kh1 Rh2+ 1/2-1/2

[Event "St Louis Summer B"]
[Site "Saint Louis USA"]
[Date "2018.05.19"]
[Round "5.4"]
[White "Ali Marandi, Cemil Can"]
[Black "Matsenko, Sergei"]
[Result "1/2-1/2"]
[WhiteTitle "GM"]
[BlackTitle "GM"]
[WhiteElo "2521"]
[BlackElo "2563"]
[WhiteFideId "6300529"]
[BlackFideId "4170083"]
[EventDate "2018.05.15"]

1. e4 e6 2. d4 d5 3. Nd2 c5 4. exd5 Qxd5 5. Ngf3 cxd4 6. Bc4 Qd6 7. O-O Nf6 8.
Nb3 Nc6 9. Nbxd4 Nxd4 10. Qxd4 Qxd4 11. Nxd4 Bd7 12. Be2 Bc5 13. Nb3 Bb6 14. Bf3
Rc8 15. c3 Bc6 16. Bxc6+ Rxc6 17. a4 a5 18. Bf4 Nd5 19. Be5 f6 20. Bd4 Bc7 21.
Rfd1 Kf7 22. f3 Ra8 23. Bf2 Bb6 24. Rd2 Bxf2+ 25. Kxf2 Nb6 26. f4 Ke7 27. Rd3
Rd6 28. Rxd6 Kxd6 29. Rd1+ Ke7 30. Nc5 Rc8 31. Nxb7 Nxa4 32. Rd2 Rb8 33. Nxa5
Rxb2 1/2-1/2

[Event "St Louis Summer B"]
[Site "Saint Louis USA"]
[Date "2018.05.19"]
[Round "5.5"]
[White "Stukopin, Andrey"]
[Black "Ramirez, Alejandro"]
[Result "1/2-1/2"]
[WhiteTitle "GM"]
[BlackTitle "GM"]
[WhiteElo "2580"]
[BlackElo "2572"]
[WhiteFideId "24107131"]
[BlackFideId "6500617"]
[EventDate "2018.05.15"]

1. e4 c5 2. Nf3 e6 3. d4 cxd4 4. Nxd4 Nc6 5. Nc3 Qc7 6. Be3 a6 7. Qf3 d6 8.
O-O-O Bd7 9. Qg3 Rc8 10. Kb1 Nf6 11. Bd3 g6 12. h4 h5 13. Bg5 Be7 14. Nxc6 Bxc6
15. Rhe1 Kf8 16. f4 Ng4 17. Nd5 Bxd5 18. exd5 e5 19. f5 Kg7 20. Qf3 Rcf8 21.
Bxe7 Qxe7 22. g3 Qf6 23. Re2 gxf5 24. Bxf5 Nh6 25. Rf1 Qxf5 26. Qxf5 Nxf5 27.
Rxf5 f6 28. a4 Kg6 29. Ref2 Rf7 30. b3 b5 31. axb5 axb5 32. c3 Ra8 33. Rf1 e4
34. Kb2 Kg7 35. Re1 Kg6 36. Ref1 e3 37. R5f3 e2 38. Re1 Re7 39. Rf2 Rae8 40. Kc2
Re5 1/2-1/2

[Event "St Louis Summer B"]
[Site "Saint Louis USA"]
[Date "2018.05.20"]
[Round "6.1"]
[White "Saduakassova, Dinara"]
[Black "Ramirez, Alejandro"]
[Result "1-0"]
[WhiteTitle "IM"]
[BlackTitle "GM"]
[WhiteElo "2484"]
[BlackElo "2572"]
[WhiteFideId "13700090"]
[BlackFideId "6500617"]
[EventDate "2018.05.15"]

1. d4 e6 2. c4 b6 3. e4 Bb4+ 4. Nc3 Bb7 5. f3 Ne7 6. a3 Bxc3+ 7. bxc3 d6 8. Bd3
Nbc6 9. Nh3 Qd7 10. O-O Na5 11. d5 c5 12. f4 O-O-O 13. Ng5 Ng6 14. f5 exf5 15.
e5 Kb8 16. Bxf5 Qe8 17. Bxg6 hxg6 18. Nxf7 dxe5 19. Nxh8 Qxh8 20. Bg5 Nxc4 21.
Qd3 b5 22. Bxd8 Qxd8 23. Rad1 Nb2 24. Qxb5 Nxd1 25. Rxd1 Qd6 26. c4 1-0

[Event "St Louis Summer B"]
[Site "Saint Louis USA"]
[Date "2018.05.20"]
[Round "6.2"]
[White "Matsenko, Sergei"]
[Black "Stukopin, Andrey"]
[Result "1/2-1/2"]
[WhiteTitle "GM"]
[BlackTitle "GM"]
[WhiteElo "2563"]
[BlackElo "2580"]
[WhiteFideId "4170083"]
[BlackFideId "24107131"]
[EventDate "2018.05.15"]

1. d4 Nf6 2. c4 e6 3. Nc3 Bb4 4. e3 O-O 5. Bd3 c5 6. Ne2 d5 7. cxd5 cxd4 8. exd4
Nxd5 9. O-O Nc6 10. Nxd5 Qxd5 11. a3 Be7 12. Qc2 h6 13. Rd1 Rd8 14. Be3 Qd7 15.
Bh7+ Kh8 16. Be4 Qe8 17. Nf4 Bg5 18. d5 exd5 19. Nxd5 Bg4 20. Re1 Bxe3 21. Rxe3
Nd4 22. Qc4 Qe5 23. f4 Ne2+ 24. Qxe2 Qxe4 25. Rxe4 Bxe2 26. Rxe2 Rxd5 27. Rc1
Rd7 28. Kf2 Kg8 29. h4 Kf8 30. Rc3 Rad8 1/2-1/2

[Event "St Louis Summer B"]
[Site "Saint Louis USA"]
[Date "2018.05.20"]
[Round "6.3"]
[White "Dragun, Kamil"]
[Black "Ali Marandi, Cemil Can"]
[Result "1-0"]
[WhiteTitle "GM"]
[BlackTitle "GM"]
[WhiteElo "2591"]
[BlackElo "2521"]
[WhiteFideId "1134167"]
[BlackFideId "6300529"]
[EventDate "2018.05.15"]

1. c4 e5 2. Nc3 Nf6 3. g3 d5 4. cxd5 Nxd5 5. Bg2 Nb6 6. d3 Be7 7. Be3 O-O 8. Rc1
Nc6 9. Bxc6 bxc6 10. Nf3 Nd5 11. Nxd5 Qxd5 12. O-O Bh3 13. Re1 Qxa2 14. Nxe5 Qd5
15. Nf3 Bg4 16. Nd2 Rfe8 17. Qa4 Qh5 18. f3 Bd7 19. Ne4 f5 20. Nc5 Bxc5 21. Bxc5
Re6 22. Qd4 Rh6 23. Qf2 f4 24. gxf4 Qf5 25. Be3 Rb8 26. Rc5 Rg6+ 27. Kh1 Qf7 28.
Bc1 h6 29. Rg1 Re8 30. Rxg6 Qxg6 31. e4 Qf7 32. f5 Rb8 33. Qd4 Kh7 34. Bd2 Rg8
35. Rc1 g6 36. Qe3 Qf8 37. f6 g5 38. Bc3 Qf7 39. Rg1 Qh5 40. Rg3 a6 41. Qa7 Rc8
42. Qc5 Re8 43. Qa7 Rc8 44. Qd4 Qf7 45. f4 Rg8 46. f5 Re8 47. Qf2 Qb3 48. Qf3 1-0

[Event "St Louis Summer B"]
[Site "Saint Louis USA"]
[Date "2018.05.20"]
[Round "6.5"]
[White "Friedel, Joshua"]
[Black "Aghasaryan, Robert"]
[Result "0-1"]
[WhiteTitle "GM"]
[BlackTitle "GM"]
[WhiteElo "2562"]
[BlackElo "2532"]
[WhiteFideId "2017199"]
[BlackFideId "13302841"]
[EventDate "2018.05.15"]

1. d4 d5 2. c4 e6 3. Nc3 Be7 4. cxd5 exd5 5. Bf4 c6 6. e3 Bf5 7. g4 Be6 8. h3
Nd7 9. Qb3 Nb6 10. Nf3 Bd6 11. Bd3 Bxf4 12. exf4 h5 13. O-O-O hxg4 14. hxg4 Rxh1
15. Rxh1 Qd6 16. Ne5 f6 17. Ng6 O-O-O 18. f5 Bf7 19. Qa3 Qxa3 20. bxa3 Nh6 21.
g5 fxg5 22. Ne5 Rf8 23. Rg1 g4 24. Nxg4 Nxg4 25. Rxg4 Rg8 26. Ne2 Kd8 27. Nf4
Ke7 28. Rg3 Nc8 29. Ng6+ Bxg6 30. fxg6 Rf8 31. Re3+ Kd8 32. Rh3 Nd6 33. Rh7 Ne8
34. Kb2 Rxf2+ 35. Bc2 Ke7 36. a4 a5 37. Kc3 Rf3+ 38. Bd3 Rf8 39. Rh3 Nc7 40. Rh2
Ne6 41. Rb2 Nd8 42. Rh2 Kd6 43. Be2 Rf6 44. Rh8 Ne6 45. Bg4 Rxg6 46. Bxe6 Rxe6
47. Rd8+ Kc7 0-1

[Event "St Louis Summer B"]
[Site "Saint Louis USA"]
[Date "2018.05.21"]
[Round "7.1"]
[White "Aghasaryan, Robert"]
[Black "Saduakassova, Dinara"]
[Result "1/2-1/2"]
[WhiteTitle "GM"]
[BlackTitle "IM"]
[WhiteElo "2532"]
[BlackElo "2484"]
[WhiteFideId "13302841"]
[BlackFideId "13700090"]
[EventDate "2018.05.15"]

1. d4 Nf6 2. c4 e6 3. Nc3 Bb4 4. f3 d5 5. a3 Bxc3+ 6. bxc3 c5 7. cxd5 Nxd5 8.
dxc5 f5 9. Nh3 Qa5 10. Nf4 Nc6 11. Nxd5 exd5 12. Qd3 Qxc5 13. Bf4 O-O 14. e3 Be6
15. Be2 Rac8 16. a4 Ne7 17. Be5 Nc6 18. Bd4 Nxd4 19. cxd4 Qa5+ 20. Kf2 Rc3 21.
Qb5 Qc7 22. g3 Bf7 23. Qb2 Rc8 24. Rhd1 Rc2 25. Qb4 a5 26. Qe1 Qb6 27. Rdc1 f4
28. gxf4 Qh6 29. Kg1 Be6 30. Kh1 Qg6 31. Rxc2 Rxc2 32. Bf1 Bd7 33. Rc1 b6 34. e4
Bxa4 35. Rxc2 Bxc2 36. Qc3 Bd1 37. Qc8+ Kf7 38. Qd7+ Kf8 39. Qd8+ Qe8 40. Qd6+
Qe7 41. Qxd5 Bxf3+ 42. Bg2 Qa3 43. Qd8+ 1/2-1/2

[Event "St Louis Summer B"]
[Site "Saint Louis USA"]
[Date "2018.05.21"]
[Round "7.2"]
[White "Belous, Vladimir"]
[Black "Friedel, Joshua"]
[Result "1-0"]
[WhiteTitle "GM"]
[BlackTitle "GM"]
[WhiteElo "2585"]
[BlackElo "2562"]
[WhiteFideId "4174003"]
[BlackFideId "2017199"]
[EventDate "2018.05.15"]

1. c4 e6 2. Nc3 d5 3. d4 Be7 4. cxd5 exd5 5. Bf4 c6 6. e3 Bf5 7. Nge2 Nd7 8. Ng3
Bg6 9. Be2 Nb6 10. Rc1 Nf6 11. h4 h6 12. h5 Bh7 13. Bd3 O-O 14. Bxh7+ Kxh7 15.
Nf5 Nc4 16. g4 Nd6 17. Nxd6 Bxd6 18. g5 hxg5 19. Bxg5 Be7 20. Qf3 Kh8 21. Rg1
Ne8 22. Bf4 Bd6 23. Ne2 Qf6 24. Qh3 a5 25. Rg6 Qe7 26. Bxd6 Nxd6 27. Nf4 Ne4 28.
a3 Kg8 29. Rg2 Ra6 30. Ng6 Qe6 31. Qxe6 fxe6 32. Nxf8 Kxf8 33. f3 Nd6 34. Rg6
Nc4 35. Rc3 a4 36. b4 axb3 37. Rxb3 b5 38. Rxe6 Nxa3 39. Kf2 Nc4 40. Kg3 Kf7 41.
Rg6 Rb6 42. e4 dxe4 43. fxe4 Nd2 44. Ra3 Rb7 45. e5 b4 46. Ra8 Re7 47. Rxc6 1-0

[Event "St Louis Summer B"]
[Site "Saint Louis USA"]
[Date "2018.05.21"]
[Round "7.3"]
[White "Ali Marandi, Cemil Can"]
[Black "Abrahamyan, Tatev"]
[Result "1-0"]
[WhiteTitle "GM"]
[BlackTitle "WGM"]
[WhiteElo "2521"]
[BlackElo "2366"]
[WhiteFideId "6300529"]
[BlackFideId "13301918"]
[EventDate "2018.05.15"]

1. Nf3 Nf6 2. c4 c5 3. g3 Nc6 4. Bg2 d5 5. cxd5 Nxd5 6. Nc3 Nc7 7. O-O e5 8. a3
Rb8 9. Rb1 c4 10. b3 Bf5 11. bxc4 Bxb1 12. Nxb1 Be7 13. Bb2 f6 14. Qc2 Qd7 15.
e3 O-O 16. Rd1 b5 17. cxb5 Nxb5 18. Ng5 fxg5 19. Bxc6 Qd6 20. Qe4 Bf6 21. a4 Nc7
22. Ba3 Qe6 23. Bxf8 Rxf8 24. Nc3 Rd8 25. Rb1 Kh8 26. Rb7 Qd6 27. Qc4 a6 28. Ne4
Qe7 29. Nxf6 gxf6 30. Be4 1-0

[Event "St Louis Summer B"]
[Site "Saint Louis USA"]
[Date "2018.05.21"]
[Round "7.4"]
[White "Stukopin, Andrey"]
[Black "Dragun, Kamil"]
[Result "1/2-1/2"]
[WhiteTitle "GM"]
[BlackTitle "GM"]
[WhiteElo "2580"]
[BlackElo "2591"]
[WhiteFideId "24107131"]
[BlackFideId "1134167"]
[EventDate "2018.05.15"]

1. e4 c5 2. Nf3 d6 3. d4 cxd4 4. Nxd4 Nf6 5. Nc3 a6 6. Be3 e5 7. Nb3 Be6 8. h3
Be7 9. f4 Nc6 10. f5 Bxb3 11. axb3 Nb4 12. g3 d5 13. exd5 Qc7 14. d6 Bxd6 15.
Nb5 Nxc2+ 16. Ke2 Qc6 17. Nxd6+ Ke7 18. Rc1 Nxe3 19. Rxc6 Nxd1 20. Nxb7 Rhb8 21.
Rc7+ Kf8 22. Bg2 Nxb2 23. Nd6 e4 24. Rhc1 Rd8 25. Nxf7 Rd3 26. Ng5 Rxg3 27. Ne6+
Kg8 28. Rc8+ Rxc8 29. Rxc8+ Kf7 30. Rc7+ Kg8 31. Rc8+ 1/2-1/2

[Event "St Louis Summer B"]
[Site "Saint Louis USA"]
[Date "2018.05.21"]
[Round "7.5"]
[White "Ramirez, Alejandro"]
[Black "Matsenko, Sergei"]
[Result "1/2-1/2"]
[WhiteTitle "GM"]
[BlackTitle "GM"]
[WhiteElo "2572"]
[BlackElo "2563"]
[WhiteFideId "6500617"]
[BlackFideId "4170083"]
[EventDate "2018.05.15"]

1. c4 Nf6 2. Nf3 c5 3. b3 e6 4. Bb2 b6 5. g3 Bb7 6. Bg2 Be7 7. O-O O-O 8. e3 d5
9. Nc3 Qc8 10. d3 Rd8 11. Qe2 Nc6 12. cxd5 exd5 13. d4 cxd4 14. exd4 Re8 15.
Rfd1 Bd6 16. Qc2 Nb4 17. Qc1 Ne4 18. a3 Nxc3 19. Bxc3 Nc6 20. b4 Qd8 21. Qb2 Rc8
22. Ne5 Bb8 23. Rac1 Ne7 24. b5 Ng6 25. Re1 Bd6 26. Qb3 Nxe5 27. dxe5 Bxe5 28.
Bxe5 Rxe5 29. Qb4 Rxe1+ 30. Rxe1 h6 31. h4 Rc5 32. a4 Bc8 33. Rd1 Be6 34. Qf4
Kf8 35. Kf1 Kg8 36. Kg1 Kf8 37. Kf1 Qd7 38. Qb8+ Rc8 39. Qe5 Rc5 40. Bf3 Bh3+
41. Kg1 Be6 42. Kf1 Kg8 43. Kg1 Qd8 44. Kg2 Kf8 45. Rd2 Qc7 46. Qb2 Kg8 47. Qb1
Rc1 48. Qd3 Qc4 49. Bxd5 Bxd5+ 50. Qxd5 Qxa4 51. Qf5 Rd1 52. Qc8+ Kh7 53. Qf5+ 1/2-1/2

[Event "St Louis Summer B"]
[Site "Saint Louis USA"]
[Date "2018.05.22"]
[Round "8.1"]
[White "Saduakassova, Dinara"]
[Black "Matsenko, Sergei"]
[Result "1-0"]
[WhiteTitle "IM"]
[BlackTitle "GM"]
[WhiteElo "2484"]
[BlackElo "2563"]
[WhiteFideId "13700090"]
[BlackFideId "4170083"]
[EventDate "2018.05.15"]

1. d4 Nf6 2. c4 e6 3. Nc3 Bb4 4. Qc2 c5 5. dxc5 O-O 6. a3 Bxc5 7. Nf3 b6 8. Bf4
Bb7 9. Rd1 Nh5 10. Bc1 Be7 11. e4 a6 12. Be2 Qc7 13. e5 f6 14. Bd3 f5 15. Be2 g6
16. O-O Ra7 17. Rfe1 Ng7 18. Bf4 Rc8 19. Qd2 Qd8 20. Be3 Bc5 21. Na4 Bxe3 22.
Qxe3 Bxf3 23. Bxf3 Rxc4 24. Nxb6 f4 25. Qd3 Rc5 26. b4 Rb5 27. Na4 Rc7 28. Nc5
Rb6 29. Qd4 a5 30. Ne4 Rb5 31. Nf6+ Kh8 32. Qxf4 Qe7 33. Be2 Rbb7 34. b5 Rc3 35.
Rc1 Rbc7 36. Rxc3 Rxc3 37. Rc1 g5 38. Rxc3 1-0

[Event "St Louis Summer B"]
[Site "Saint Louis USA"]
[Date "2018.05.22"]
[Round "8.2"]
[White "Dragun, Kamil"]
[Black "Ramirez, Alejandro"]
[Result "1-0"]
[WhiteTitle "GM"]
[BlackTitle "GM"]
[WhiteElo "2591"]
[BlackElo "2572"]
[WhiteFideId "1134167"]
[BlackFideId "6500617"]
[EventDate "2018.05.15"]

1. e4 c5 2. Nf3 e6 3. d4 cxd4 4. Nxd4 Nc6 5. Nc3 Qc7 6. Be3 a6 7. Qf3 Bd6 8.
O-O-O Be5 9. g3 Nge7 10. Qe2 b5 11. f4 Bxd4 12. Bxd4 Nxd4 13. Rxd4 Rb8 14. e5
Bb7 15. Bg2 Bxg2 16. Qxg2 Nf5 17. Rd3 d5 18. exd6 Nxd6 19. Rhd1 Nc4 20. b3 Nb6
21. f5 O-O 22. fxe6 fxe6 23. Qe4 Rfe8 24. Qd4 Rbc8 25. Qd6 Qb7 26. Qe5 Qe7 27.
Rd6 Qc7 28. R1d2 Nd7 29. Qd4 Nf6 30. Ne4 Nxe4 31. Qxe4 e5 32. Kb1 Qc3 33. Qd3
Qa5 34. Qe4 Qc3 35. Qd3 Qa5 36. Rd7 Qb4 37. Qf5 Qf8 38. Qxf8+ Rxf8 39. Ra7 Rf6
40. Re7 Rc5 41. Rd8+ Rf8 42. Rdd7 Rf1+ 43. Kb2 Rf2 44. Rxg7+ Kf8 45. Rxh7 Rcxc2+
46. Ka3 Rxa2+ 47. Kb4 Kg8 48. Rdg7+ Kf8 49. Ra7 Kg8 50. Rhe7 Kf8 51. h4 a5+ 52.
Kxb5 Rf3 53. Rec7 Rxb3+ 54. Ka6 Rb8 55. Rh7 Kg8 56. Rag7+ Kf8 57. Rc7 Kg8 58. h5
Rd8 59. h6 1-0

[Event "St Louis Summer B"]
[Site "Saint Louis USA"]
[Date "2018.05.22"]
[Round "8.3"]
[White "Abrahamyan, Tatev"]
[Black "Stukopin, Andrey"]
[Result "0-1"]
[WhiteTitle "WGM"]
[BlackTitle "GM"]
[WhiteElo "2366"]
[BlackElo "2580"]
[WhiteFideId "13301918"]
[BlackFideId "24107131"]
[EventDate "2018.05.15"]

1. e4 c5 2. Nf3 Nc6 3. d4 cxd4 4. Nxd4 Nf6 5. Nc3 d6 6. Bg5 e6 7. Qd2 a6 8.
O-O-O Bd7 9. f3 Be7 10. g4 h5 11. gxh5 Nxh5 12. Bxe7 Qxe7 13. Nb3 g5 14. Qxd6
Qxd6 15. Rxd6 Ne5 16. Rb6 Bc6 17. Na5 Ng3 18. Rg1 Nxf1 19. Rxf1 O-O-O 20. Rf2
Rh3 21. Nxc6 Nxc6 22. Na4 Nd4 23. b3 Kc7 24. Rd2 Rxf3 25. Rg2 Rf1+ 26. Kb2 Nf3
27. Rb4 Rh8 28. Nc5 a5 29. Rc4 b5 30. Rc3 Kd6 31. Nb7+ Ke5 32. Nxa5 Kf4 33. Nb7
g4 34. Nc5 Nxh2 35. a4 bxa4 36. bxa4 Rf3 37. Nd3+ Kxe4 38. a5 g3 39. a6 Nf1 40.
a7 Ra8 41. Nc5+ Kf4 42. Rc4+ Kf5 43. Ra4 Ne3 44. Rg1 Rf4 45. Rxg3 Rxa4 46. Nxa4
Rxa7 47. Nc5 Rc7 48. Rxe3 Rxc5 49. Rf3+ Kg6 50. Kb3 f5 51. c4 e5 52. Kb4 Rc8 53.
c5 f4 54. Kc4 Kf5 55. Rf1 e4 56. Rc1 f3 57. Kd4 Kf4 58. c6 f2 0-1

[Event "St Louis Summer B"]
[Site "Saint Louis USA"]
[Date "2018.05.22"]
[Round "8.4"]
[White "Friedel, Joshua"]
[Black "Ali Marandi, Cemil Can"]
[Result "1/2-1/2"]
[WhiteTitle "GM"]
[BlackTitle "GM"]
[WhiteElo "2562"]
[BlackElo "2521"]
[WhiteFideId "2017199"]
[BlackFideId "6300529"]
[EventDate "2018.05.15"]

1. d4 d5 2. c4 c6 3. cxd5 cxd5 4. Nc3 Nf6 5. Bf4 Nc6 6. e3 Bf5 7. Nf3 e6 8. Bd3
Bxd3 9. Qxd3 Bd6 10. Bxd6 Qxd6 11. O-O O-O 12. Rac1 Rac8 13. a3 a6 14. Rc2 Rc7
15. Rfc1 Rfc8 16. h3 h6 17. Nd2 Nd7 18. Ne2 Ne7 19. Rxc7 Rxc7 20. Rc3 Rxc3 21.
Qxc3 Qc6 22. Qxc6 Nxc6 23. Nf4 Kf8 24. Kf1 Ke7 25. Ke2 Na7 26. Nd3 Nc8 27. Nb3
Nd6 28. Nbc5 h5 29. h4 g6 30. g3 Kd8 31. Nxd7 1/2-1/2

[Event "St Louis Summer B"]
[Site "Saint Louis USA"]
[Date "2018.05.22"]
[Round "8.5"]
[White "Aghasaryan, Robert"]
[Black "Belous, Vladimir"]
[Result "1/2-1/2"]
[WhiteTitle "GM"]
[BlackTitle "GM"]
[WhiteElo "2532"]
[BlackElo "2585"]
[WhiteFideId "13302841"]
[BlackFideId "4174003"]
[EventDate "2018.05.15"]

1. Nf3 Nf6 2. c4 g6 3. Nc3 Bg7 4. e4 d6 5. d4 Bg4 6. Be2 Nfd7 7. Be3 Nc6 8. Ng1
Bxe2 9. Ngxe2 Na5 10. b3 c5 11. O-O cxd4 12. Bxd4 Bxd4 13. Nxd4 O-O 14. Re1 Nc6
15. Nd5 a6 16. a4 Nc5 17. Rb1 e6 18. Nc3 Ne5 19. Re3 Qf6 20. Nde2 Rad8 21. f4
Ng4 22. Rf3 Qe7 23. Ng3 b5 24. axb5 axb5 25. Nxb5 d5 26. cxd5 exd5 27. e5 Ne4
28. h3 Qb4 29. hxg4 Qxb5 30. Qd4 Nxg3 31. Rxg3 Rc8 32. Rd1 Rc5 33. f5 Rc2 34.
Qxd5 Rc5 35. Qd3 Rxe5 36. Qxb5 Rxb5 37. Rf3 Rfb8 38. fxg6 hxg6 39. Rd7 Rxb3 40.
Rfxf7 Rg3 41. Rg7+ Kh8 42. Rh7+ Kg8 43. Rdg7+ Kf8 44. Rf7+ 1/2-1/2

[Event "St Louis Summer B"]
[Site "Saint Louis USA"]
[Date "2018.05.23"]
[Round "9.1"]
[White "Belous, Vladimir"]
[Black "Saduakassova, Dinara"]
[Result "1-0"]
[WhiteTitle "GM"]
[BlackTitle "IM"]
[WhiteElo "2585"]
[BlackElo "2484"]
[WhiteFideId "4174003"]
[BlackFideId "13700090"]
[EventDate "2018.05.15"]

1. c4 b6 2. b3 Nf6 3. Bb2 Bb7 4. Nf3 g6 5. d3 Bg7 6. e4 d6 7. Nc3 c5 8. g3 O-O
9. Bg2 Nbd7 10. O-O a6 11. a3 e6 12. Re1 Qc7 13. d4 cxd4 14. Nxd4 Rac8 15. Ndb5
axb5 16. Nxb5 Qb8 17. Nxd6 e5 18. Nxc8 Rxc8 19. Bh3 Rd8 20. f3 Bh6 21. Qc2 Nc5
22. Rad1 Re8 23. b4 Ne6 24. Bxe6 Rxe6 25. Rd3 Bf8 26. Red1 Be7 27. Bc1 Nxe4 28.
fxe4 Bxe4 29. Rd8+ Bxd8 30. Qxe4 Qc8 31. Be3 Be7 32. Kg2 Kg7 33. c5 bxc5 34. b5
f5 35. Qd5 Kf6 36. h4 Kg7 37. a4 f4 38. Bc1 fxg3 39. Bb2 Bf6 40. Qd7+ Qxd7 41.
Rxd7+ Kh6 42. a5 e4 43. Bxf6 Rxf6 44. b6 e3 45. Re7 Rf2+ 46. Kxg3 Ra2 47. b7 1-0

[Event "St Louis Summer B"]
[Site "Saint Louis USA"]
[Date "2018.05.23"]
[Round "9.2"]
[White "Ali Marandi, Cemil Can"]
[Black "Aghasaryan, Robert"]
[Result "1/2-1/2"]
[WhiteTitle "GM"]
[BlackTitle "GM"]
[WhiteElo "2521"]
[BlackElo "2532"]
[WhiteFideId "6300529"]
[BlackFideId "13302841"]
[EventDate "2018.05.15"]

1. e4 e5 2. Nf3 Nc6 3. Nc3 Nf6 4. d4 exd4 5. Nxd4 Bb4 6. Nxc6 bxc6 7. Bd3 d5 8.
exd5 cxd5 9. O-O O-O 10. Bg5 c6 11. Qf3 h6 12. Bxf6 Qxf6 13. Qxf6 gxf6 14. Ne2
Bd6 15. Nd4 c5 16. Nf5 Bxf5 17. Bxf5 Rab8 18. b3 Rfe8 19. Rfe1 Kf8 20. g3 Rxe1+
21. Rxe1 Bc7 22. Kg2 Re8 23. Rxe8+ Kxe8 24. Kf3 Ke7 25. h4 Ba5 26. Ke2 Kd6 27.
Bg4 Ke5 28. Bh5 Ke6 29. Bf3 Ke5 30. Bh5 Ke6 31. Bf3 1/2-1/2

[Event "St Louis Summer B"]
[Site "Saint Louis USA"]
[Date "2018.05.23"]
[Round "9.4"]
[White "Ramirez, Alejandro"]
[Black "Abrahamyan, Tatev"]
[Result "1-0"]
[WhiteTitle "GM"]
[BlackTitle "WGM"]
[WhiteElo "2572"]
[BlackElo "2366"]
[WhiteFideId "6500617"]
[BlackFideId "13301918"]
[EventDate "2018.05.15"]

1. Nf3 Nf6 2. b3 e6 3. Bb2 Be7 4. g3 b6 5. Bg2 Bb7 6. O-O O-O 7. c4 c5 8. Nc3 d6
9. d4 cxd4 10. Qxd4 a6 11. Rfd1 Qc7 12. Ba3 Ne8 13. Qe3 Nf6 14. Rac1 Rd8 15. Bh3
Bf8 16. Nd5 exd5 17. cxd5 Qe7 18. Qxe7 Bxe7 19. Rc7 Bxd5 20. Rxe7 Nc6 21. Re3
Re8 22. Rxe8+ Rxe8 23. Kf1 Bxf3 24. exf3 d5 25. Bb2 Rd8 26. Bf5 Nb4 27. Bb1 b5
28. Rc1 d4 29. Bxd4 Nbd5 30. a3 Ne8 31. Bb2 Nec7 32. Rc6 Ne6 33. Be4 Ndc7 34. f4
g6 35. Be5 Rd7 36. f5 gxf5 37. Bxf5 1-0

[Event "St Louis Summer B"]
[Site "Saint Louis USA"]
[Date "2018.05.23"]
[Round "9.5"]
[White "Matsenko, Sergei"]
[Black "Dragun, Kamil"]
[Result "1/2-1/2"]
[WhiteTitle "GM"]
[BlackTitle "GM"]
[WhiteElo "2563"]
[BlackElo "2591"]
[WhiteFideId "4170083"]
[BlackFideId "1134167"]
[EventDate "2018.05.15"]

1. Nf3 d5 2. g3 Nc6 3. d4 Bf5 4. c3 e6 5. Bg2 h6 6. O-O Nf6 7. Nbd2 Bd6 8. Re1
Bh7 9. b4 O-O 10. a3 a5 11. b5 Ne7 12. c4 c5 13. cxd5 Nexd5 14. Bb2 Ne4 15. Rc1
Ndf6 16. Nxe4 Nxe4 17. Nd2 Nxd2 18. Qxd2 Qb6 19. a4 Rfd8 20. Red1 e5 21. d5 e4
22. Rc4 Re8 23. e3 Qc7 24. Qc2 f5 25. b6 Qxb6 26. Ba3 Rec8 27. Rc1 Bg6 28. g4 f4
29. Bxe4 Bxe4 30. Rxe4 fxe3 31. fxe3 Re8 32. Bxc5 Bxc5 33. Qxc5 Qg6 34. Rf4 Qd3
35. Qd4 Rxe3 36. Rd1 Qxd4 37. Rfxd4 Rd8 38. Rb1 Re5 39. d6 Rd7 40. Kg2 Kf7 41.
h4 Ke6 1/2-1/2